[Event "15. Obert Int. Sant Martí 2013 - B"]
[Site "Barcelona ESP"]
[Date "2013.07.15"]
[Round "3.48"]
[White "Lopez Pujol, Hector"]
[Black "Fuentes Barrientos, Carlos"]
[Result "0-1"]
[WhiteElo "1885"]
[BlackElo "1792"]
[PlyCount "86"]
[EventDate "2013.07.13"]
[EventType "swiss"]
[EventRounds "9"]
[EventCountry "ESP"]
[SourceTitle "Ajedrez en Madrid"]
[Source "lmi"]
[SourceDate "2013.07.13"]
[SourceVersion "1"]
[SourceVersionDate "2019.06.21"]
[SourceQuality "1"]

1. d4 Nf6 2. Nf3 g6 3. Nc3 Bg7 4. e4 d6 5. Be3 c6 6. h3 b5 7. Qd2 b4 8. Ne2
Nxe4 9. Qxb4 a5 10. Qb3 Ba6 11. d5 O-O 12. dxc6 Nc5 13. Bxc5 dxc5 14. Nc3 Bxf1
15. Rd1 Qc8 16. Kxf1 Nxc6 17. Nd5 Rb8 18. Qc4 e6 19. Ne3 Rxb2 20. Ke2 Rb4 21.
Qd3 Rd8 22. Qa3 Bb2 23. Rxd8+ Qxd8 24. Qd3 Qxd3+ 25. Kxd3 Ra4 26. Rb1 Rxa2 27.
c3 a4 28. Nc4 Bxc3 29. Kxc3 Rxf2 30. Rb2 Rf1 31. Rb6 Rc1+ 32. Kb2 Rxc4 33. Rxc6
Kg7 34. Rc7 Kf6 35. Rxf7+ Kxf7 36. Ne5+ Kf6 37. Nxc4 Kf5 38. Ne3+ Kf4 39. Nf1
e5 40. Ka3 e4 41. Kxa4 e3 42. Kb5 e2 43. g3+ Kf3 0-1

[Event "15. Obert Int. Sant Martí 2013 - B"]
[Site "Barcelona ESP"]
[Date "2013.07.15"]
[Round "3.49"]
[White "Salazar Navas, Josep"]
[Black "Alvarez Albiol, Victor"]
[Result "1/2-1/2"]
[WhiteElo "1789"]
[BlackElo "1546"]
[PlyCount "73"]
[EventDate "2013.07.13"]
[EventType "swiss"]
[EventRounds "9"]
[EventCountry "ESP"]
[SourceTitle "Ajedrez en Madrid"]
[Source "lmi"]
[SourceDate "2013.07.13"]
[SourceVersion "1"]
[SourceVersionDate "2019.06.21"]
[SourceQuality "1"]

1. e4 c5 2. Nc3 e6 3. g3 Nc6 4. Bg2 Qc7 5. d3 Nf6 6. Be3 Be7 7. f4 d6 8. h3 a6
9. Nge2 Rb8 10. O-O b5 11. Qd2 Bb7 12. g4 O-O 13. Ng3 Rfd8 14. g5 Nd7 15. f5 g6
16. h4 d5 17. Bf4 Bd6 18. fxe6 fxe6 19. exd5 Bxf4 20. Rxf4 e5 21. Rf2 Nd4 22.
Nge4 b4 23. d6 Qb6 24. Ne2 Bxe4 25. Bxe4 Qxd6 26. Raf1 Rf8 27. c4 Nb6 28. Rf6
Nxc4 29. Qe1 Nxe2+ 30. Qxe2 Qd4+ 31. Kh1 Nd6 32. Rxf8+ Rxf8 33. Rxf8+ Kxf8 34.
Qf3+ Kg7 35. Qf6+ Kg8 36. Qd8+ Kg7 37. Qf6+ 1/2-1/2

[Event "15. Obert Int. Sant Martí 2013 - B"]
[Site "Barcelona ESP"]
[Date "2013.07.15"]
[Round "3.50"]
[White "Quemades Schmid, Ricardo"]
[Black "Perez Cuadrado, Eduardo"]
[Result "0-1"]
[WhiteElo "1481"]
[BlackElo "1783"]
[PlyCount "70"]
[EventDate "2013.07.13"]
[EventType "swiss"]
[EventRounds "9"]
[EventCountry "ESP"]
[SourceTitle "Ajedrez en Madrid"]
[Source "lmi"]
[SourceDate "2013.07.13"]
[SourceVersion "1"]
[SourceVersionDate "2019.06.21"]
[SourceQuality "1"]

1. d4 Nf6 2. g4 Nxg4 3. e4 d6 4. Be2 Nf6 5. Bg5 Nxe4 6. Nf3 Nxg5 7. Nxg5 e5 8.
h4 Qf6 9. Ne4 Qf4 10. Nbc3 c6 11. dxe5 Qxe5 12. Qd2 d5 13. O-O-O Bb4 14. a3
Bxc3 15. Nxc3 Be6 16. Bg4 Qd6 17. Ne4 Qe7 18. Bxe6 fxe6 19. Ng5 e5 20. f4 h6
21. Nf3 e4 22. Ne5 Qf6 23. h5 Nd7 24. Ng6 Rg8 25. Qe2 O-O-O 26. Qe3 Nb6 27. Qc5
Rge8 28. Qd4 Qxd4 29. Rxd4 c5 30. Rdd1 d4 31. Ne5 Nd5 32. Nf7 Rd7 33. Ne5 Rde7
34. Ng6 Re6 35. f5 Rf6 0-1

[Event "15. Obert Int. Sant Martí 2013 - B"]
[Site "Barcelona ESP"]
[Date "2013.07.15"]
[Round "3.51"]
[White "Alquezar Calpena, Marc"]
[Black "Olleta Tanya, Jordi"]
[Result "1-0"]
[WhiteElo "1775"]
[BlackElo "1527"]
[PlyCount "129"]
[EventDate "2013.07.13"]
[EventType "swiss"]
[EventRounds "9"]
[EventCountry "ESP"]
[SourceTitle "Ajedrez en Madrid"]
[Source "lmi"]
[SourceDate "2013.07.13"]
[SourceVersion "1"]
[SourceVersionDate "2019.06.21"]
[SourceQuality "1"]

1. e4 e5 2. Nf3 Nc6 3. Bb5 Nge7 4. Nc3 a6 5. Bc4 Ng6 6. d4 Be7 7. O-O b5 8. Bb3
Na5 9. dxe5 Nxb3 10. axb3 c6 11. Be3 O-O 12. Qd2 Qc7 13. Bd4 d6 14. exd6 Bxd6
15. Rfe1 Bf4 16. Be3 Bg4 17. Bxf4 Nxf4 18. Qe3 Rfe8 19. g3 Ng6 20. Nd2 Ne5 21.
f4 Ng6 22. Qc5 Qd7 23. Qf2 Bh3 24. Nf3 Qg4 25. Ng5 Nh4 26. Re3 Ng2 27. Re2 Nxf4
28. Qxf4 b4 29. Qxf7+ Kh8 30. Qc4 Qxg5 31. Qxb4 Qg4 32. Rf2 h5 33. Qd6 h4 34.
Qf4 Qxf4 35. Rxf4 g5 36. Rf6 Re6 37. Rxe6 Bxe6 38. gxh4 gxh4 39. Ra5 Kg7 40.
Kf2 Kf6 41. Ke3 Ke7 42. Ne2 Kd6 43. Rh5 h3 44. Nf4 Bg4 45. Rh6+ Kc5 46. Nxh3
Bd1 47. Kd2 Rd8+ 48. Kc3 Re8 49. Ng5 Re5 50. h4 Bg4 51. b4+ Kb5 52. Nf7 Re7 53.
Nd6+ Kb6 54. e5 Kc7 55. Kd4 Kb6 56. c4 Kc7 57. c5 Be6 58. Rg6 Kd7 59. h5 Ba2
60. h6 Bb1 61. Rg7 Bc2 62. Rxe7+ Kxe7 63. Ne4 Kf8 64. e6 Bb3 65. e7+ 1-0

[Event "15. Obert Int. Sant Martí 2013 - B"]
[Site "Barcelona ESP"]
[Date "2013.07.15"]
[Round "3.52"]
[White "Pujal Moncho, Joaquim"]
[Black "Roig Martinez, Cristina"]
[Result "1-0"]
[WhiteElo "1768"]
[BlackElo "1476"]
[PlyCount "99"]
[EventDate "2013.07.13"]
[EventType "swiss"]
[EventRounds "9"]
[EventCountry "ESP"]
[SourceTitle "Ajedrez en Madrid"]
[Source "lmi"]
[SourceDate "2013.07.13"]
[SourceVersion "1"]
[SourceVersionDate "2019.06.21"]
[SourceQuality "1"]

1. d4 d5 2. c4 c6 3. Nc3 Nf6 4. Nf3 Bg4 5. Ne5 Bf5 6. e3 Nbd7 7. Nf3 e6 8. Be2
Be7 9. O-O O-O 10. Nh4 Bg6 11. Nxg6 fxg6 12. Bd2 e5 13. Qb3 exd4 14. exd4 Ne4
15. Nxe4 dxe4 16. Bc3 b6 17. Qc2 Nf6 18. Rad1 Qc7 19. Rd2 Rad8 20. Re1 Qf4 21.
g3 Qf5 22. Bf1 Ng4 23. Bg2 e3 24. Qxf5 Rxf5 25. fxe3 Bg5 26. Rde2 Rdf8 27. Bxc6
Rf2 28. Bd5+ Kh8 29. Rxf2 Nxf2 30. Bg2 Ng4 31. Bd2 h6 32. Re2 Re8 33. e4 Bxd2
34. Rxd2 Ne3 35. b3 Nxg2 36. Kxg2 Rxe4 37. d5 Re8 38. Kf3 Kg8 39. Re2 Rd8 40.
Re7 a6 41. Re6 b5 42. Rxa6 bxc4 43. bxc4 Kf8 44. Ke4 Ke7 45. c5 Kd7 46. Ra7+
Kc8 47. Ra8+ Kc7 48. Rxd8 Kxd8 49. Ke5 Kd7 50. a4 1-0

[Event "15. Obert Int. Sant Martí 2013 - B"]
[Site "Barcelona ESP"]
[Date "2013.07.15"]
[Round "3.60"]
[White "Lopez Mayoral, Miguel Angel"]
[Black "Gonzalez Jurado, Jesus"]
[Result "0-1"]
[WhiteElo "1645"]
[BlackElo "1844"]
[PlyCount "82"]
[EventDate "2013.07.13"]
[EventType "swiss"]
[EventRounds "9"]
[EventCountry "ESP"]
[SourceTitle "Ajedrez en Madrid"]
[Source "lmi"]
[SourceDate "2013.07.13"]
[SourceVersion "1"]
[SourceVersionDate "2019.06.21"]
[SourceQuality "1"]

1. e4 d6 2. d4 Nf6 3. Nc3 g6 4. Nf3 Bg7 5. Be2 O-O 6. O-O e5 7. Bg5 Nc6 8. d5
Ne7 9. Qd2 Bg4 10. Bh6 Bxf3 11. Bxf3 Nd7 12. Bxg7 Kxg7 13. h4 f5 14. Rae1 Nf6
15. h5 f4 16. hxg6 hxg6 17. g3 g5 18. Kg2 g4 19. Bd1 f3+ 20. Bxf3 gxf3+ 21.
Kxf3 Nfxd5+ 22. Ke2 Nf6 23. f4 Qe8 24. Kd1 Nc6 25. f5 Qh5+ 26. Kc1 Qg4 27. Kb1
Nd4 28. Qe3 a6 29. Rh1 Rh8 30. Rh4 Rxh4 31. gxh4 Qh5 32. Qg5+ Kf7 33. Nd5 Qxg5
34. hxg5 Nxd5 35. exd5 Nxf5 36. Rg1 Ne3 37. Rg3 Nxd5 38. c4 Nf4 39. Kc2 Rg8 40.
Kd2 Ne6 41. Rf3+ Ke7 0-1

[Event "15. Obert Int. Sant Martí 2013 - B"]
[Site "Barcelona ESP"]
[Date "2013.07.15"]
[Round "3.61"]
[White "Ballve Monte, Antoni"]
[Black "Aparicio Escudero, Hector F."]
[Result "0-1"]
[WhiteElo "1638"]
[BlackElo "1747"]
[PlyCount "52"]
[EventDate "2013.07.13"]
[EventType "swiss"]
[EventRounds "9"]
[EventCountry "ESP"]
[SourceTitle "Ajedrez en Madrid"]
[Source "lmi"]
[SourceDate "2013.07.13"]
[SourceVersion "1"]
[SourceVersionDate "2019.06.21"]
[SourceQuality "1"]

1. e4 Nc6 2. Nf3 d6 3. d4 Nf6 4. Nc3 Bg4 5. Be2 e5 6. d5 Ne7 7. Ng5 Bxe2 8.
Qxe2 a6 9. f4 h6 10. Nf3 exf4 11. Bxf4 Ng6 12. Bg3 Be7 13. e5 dxe5 14. Nxe5
Nxe5 15. Bxe5 O-O 16. O-O Qd7 17. Qf3 Bc5+ 18. Kh1 Ng4 19. Bg3 Rae8 20. h3 Ne3
21. Bf2 Bb6 22. Rfc1 f5 23. Bxe3 Rxe3 24. Qf4 g5 25. Qc4 f4 26. Re1 Rxh3+ 0-1

[Event "15. Obert Int. Sant Martí 2013 - B"]
[Site "Barcelona ESP"]
[Date "2013.07.15"]
[Round "3.62"]
[White "Ferre Navarro, Joan"]
[Black "Domenche Redondo, Francesc"]
[Result "1/2-1/2"]
[WhiteElo "1609"]
[BlackElo "1710"]
[PlyCount "46"]
[EventDate "2013.07.13"]
[EventType "swiss"]
[EventRounds "9"]
[EventCountry "ESP"]
[SourceTitle "Ajedrez en Madrid"]
[Source "lmi"]
[SourceDate "2013.07.13"]
[SourceVersion "1"]
[SourceVersionDate "2019.06.21"]
[SourceQuality "1"]

1. e4 e5 2. Nf3 Nf6 3. Nc3 Nc6 4. Bc4 Bc5 5. d3 h6 6. a3 d6 7. h3 a6 8. O-O O-O
9. Be3 Bxe3 10. fxe3 Be6 11. Ba2 Bxa2 12. Rxa2 d5 13. exd5 Nxd5 14. Qd2 Nxc3
15. Qxc3 Qd5 16. Raa1 e4 17. Nh4 exd3 18. cxd3 Rae8 19. Nf5 f6 20. Rf3 Ne7 21.
Nxe7+ Rxe7 22. e4 Qe6 23. Re1 Rd8 1/2-1/2

[Event "15. Obert Int. Sant Martí 2013 - B"]
[Site "Barcelona ESP"]
[Date "2013.07.15"]
[Round "3.63"]
[White "Fernandez Benito, Fco. Javier"]
[Black "Fernandez Benito, Carlos Pablo"]
[Result "1/2-1/2"]
[WhiteElo "1702"]
[BlackElo "1624"]
[PlyCount "48"]
[EventDate "2013.07.13"]
[EventType "swiss"]
[EventRounds "9"]
[EventCountry "ESP"]
[SourceTitle "Ajedrez en Madrid"]
[Source "lmi"]
[SourceDate "2013.07.13"]
[SourceVersion "1"]
[SourceVersionDate "2019.06.21"]
[SourceQuality "1"]

1. d4 Nf6 2. Nf3 d5 3. e3 Bf5 4. c4 c6 5. Nc3 e6 6. Qb3 Qc7 7. Be2 Nbd7 8. O-O
Be7 9. Nh4 Bg6 10. Nxg6 hxg6 11. f4 O-O-O 12. Bd2 Rh6 13. Be1 Rdh8 14. Bg3 Qd8
15. Rac1 Bd6 16. cxd5 exd5 17. Nxd5 Kb8 18. Rxc6 Nxd5 19. Rxd6 N5b6 20. f5 Ka8
21. fxg6 Qe7 22. Rxf7 Qe4 23. Bf3 Qb1+ 24. Kf2 Rc8 1/2-1/2

[Event "15. Obert Int. Sant Martí 2013 - B"]
[Site "Barcelona ESP"]
[Date "2013.07.15"]
[Round "3.64"]
[White "Baum, Jonasz"]
[Black "Fungueirino Pique, Daniel"]
[Result "1-0"]
[WhiteElo "1512"]
[BlackElo "1694"]
[PlyCount "113"]
[EventDate "2013.07.13"]
[EventType "swiss"]
[EventRounds "9"]
[EventCountry "ESP"]
[SourceTitle "Ajedrez en Madrid"]
[Source "lmi"]
[SourceDate "2013.07.13"]
[SourceVersion "1"]
[SourceVersionDate "2019.06.21"]
[SourceQuality "1"]

1. e4 d6 2. d4 g6 3. Nf3 Bg7 4. Bc4 c6 5. Nc3 Nf6 6. O-O O-O 7. e5 Ne8 8. Re1
d5 9. Bb3 Bg4 10. h3 Bxf3 11. Qxf3 e6 12. Ne2 Nd7 13. Qg3 f6 14. Bf4 Qe7 15.
exf6 Bxf6 16. Bd6 Qxd6 17. Qxd6 Nxd6 18. c3 Rae8 19. Rad1 Nf5 20. Nf4 Ng7 21.
Nd3 e5 22. c4 dxc4 23. Bxc4+ Kh8 24. dxe5 Nxe5 25. Nxe5 Bxe5 26. b3 Bc3 27.
Rxe8 Rxe8 28. Rd7 Rb8 29. a3 a5 30. Rd3 Be5 31. Rd7 c5 32. a4 Bd4 33. Rf7 Nf5
34. Bd3 Nd6 35. Rd7 Ne8 36. Rf7 Nf6 37. g4 b6 38. g5 Nh5 39. Kg2 Rd8 40. Bc4
Ng7 41. Rb7 Rf8 42. f3 Nf5 43. Be2 Ne3+ 44. Kg3 Be5+ 45. Kf2 Bd4 46. Kg3 Be5+
47. Kf2 Nd5 48. Rd7 Bd4+ 49. Kg3 Nc3 50. Bd3 Rb8 51. Ra7 Nd1 52. Ra6 Bf2+ 53.
Kg2 Bh4 54. f4 Rf8 55. Be2 Nc3 56. Bc4 Rxf4 57. Ra8+ 1-0

[Event "15. Obert Int. Sant Martí 2013 - B"]
[Site "Barcelona ESP"]
[Date "2013.07.15"]
[Round "3.65"]
[White "Riu Lopez, Daniel"]
[Black "Guinjoan Fradera, Joan"]
[Result "1-0"]
[WhiteElo "1691"]
[BlackElo "1547"]
[PlyCount "63"]
[EventDate "2013.07.13"]
[EventType "swiss"]
[EventRounds "9"]
[EventCountry "ESP"]
[SourceTitle "Ajedrez en Madrid"]
[Source "lmi"]
[SourceDate "2013.07.13"]
[SourceVersion "1"]
[SourceVersionDate "2019.06.21"]
[SourceQuality "1"]

1. e4 e6 2. d4 c5 3. d5 exd5 4. exd5 d6 5. Nf3 Nf6 6. Bd3 h6 7. O-O Be7 8. Re1
O-O 9. Nc3 Bd7 10. Bf4 a6 11. a4 Re8 12. Nd2 a5 13. Nc4 Qc7 14. h3 Na6 15. Ne4
Nxe4 16. Bxe4 b5 17. axb5 Bxb5 18. Nxa5 Bf6 19. c3 Be5 20. Bxe5 Rxe5 21. c4 Bd7
22. Nc6 Ree8 23. Qa4 Bxc6 24. Qxc6 Qxc6 25. dxc6 Nc7 26. Rxa8 Rxa8 27. Bd5 Kf8
28. Rb1 Rb8 29. Ra1 Rxb2 30. Ra7 Nxd5 31. cxd5 c4 32. c7 1-0

[Event "15. Obert Int. Sant Martí 2013 - B"]
[Site "Barcelona ESP"]
[Date "2013.07.15"]
[Round "3.66"]
[White "Maria Oproae, Alex"]
[Black "Romeo Ros, Joaquin"]
[Result "1-0"]
[WhiteElo "1415"]
[BlackElo "1688"]
[PlyCount "39"]
[EventDate "2013.07.13"]
[EventType "swiss"]
[EventRounds "9"]
[EventCountry "ESP"]
[SourceTitle "Ajedrez en Madrid"]
[Source "lmi"]
[SourceDate "2013.07.13"]
[SourceVersion "1"]
[SourceVersionDate "2019.06.21"]
[SourceQuality "1"]

1. e4 c5 2. Nf3 d6 3. d4 cxd4 4. Nxd4 Nf6 5. Nc3 e5 6. Nb3 a6 7. f3 Be6 8. Be3
Be7 9. Qd2 O-O 10. O-O-O Qc7 11. g4 b5 12. h4 Nbd7 13. h5 Nb6 14. g5 Nfd7 15.
g6 f5 16. h6 f4 17. gxh7+ Kxh7 18. hxg7+ Kxg7 19. Qh2 Nf6 20. Qg1+ 1-0

[Event "15. Obert Int. Sant Martí 2013 - B"]
[Site "Barcelona ESP"]
[Date "2013.07.15"]
[Round "3.67"]
[White "Gomez Guinovart, Josep Manel"]
[Black "Bienvenido Kleque, Jose"]
[Result "1-0"]
[WhiteElo "1670"]
[BlackElo "1513"]
[PlyCount "25"]
[EventDate "2013.07.13"]
[EventType "swiss"]
[EventRounds "9"]
[EventCountry "ESP"]
[SourceTitle "Ajedrez en Madrid"]
[Source "lmi"]
[SourceDate "2013.07.13"]
[SourceVersion "1"]
[SourceVersionDate "2019.06.21"]
[SourceQuality "1"]

1. d4 Nf6 2. c4 e5 3. dxe5 Ng4 4. Nf3 Nc6 5. Bg5 Be7 6. Bxe7 Qxe7 7. Nc3 Ngxe5
8. Nxe5 Nxe5 9. Qd4 Nf3+ 10. gxf3 d6 11. Nd5 Qd7 12. Qxg7 Rf8 13. Nf6+ 1-0

[Event "15. Obert Int. Sant Martí 2013 - B"]
[Site "Barcelona ESP"]
[Date "2013.07.15"]
[Round "3.68"]
[White "Mir Bellmunt, Jose"]
[Black "Demestres Lopez, Ricard"]
[Result "1/2-1/2"]
[WhiteElo "1442"]
[BlackElo "1668"]
[PlyCount "62"]
[EventDate "2013.07.13"]
[EventType "swiss"]
[EventRounds "9"]
[EventCountry "ESP"]
[SourceTitle "Ajedrez en Madrid"]
[Source "lmi"]
[SourceDate "2013.07.13"]
[SourceVersion "1"]
[SourceVersionDate "2019.06.21"]
[SourceQuality "1"]

1. e4 c5 2. Nf3 d6 3. d4 cxd4 4. Nxd4 Nf6 5. Nc3 a6 6. Bd3 Nc6 7. Nxc6 bxc6 8.
Bg5 e5 9. O-O Be7 10. b3 O-O 11. Ne2 Ng4 12. Bxe7 Qxe7 13. h3 Nf6 14. Ng3 g6
15. f4 Qa7+ 16. Kh2 exf4 17. Rxf4 Nd7 18. Bc4 Qc7 19. Qf1 Ne5 20. Rd1 Nxc4 21.
Qxc4 Be6 22. Qd3 d5 23. Rf6 Qe5 24. Rdf1 d4 25. Kh1 c5 26. Ne2 a5 27. a4 Ra7
28. R6f3 Rb8 29. Nf4 Bc8 30. Re1 Ba6 31. Qd2 Bb7 1/2-1/2

[Event "15. Obert Int. Sant Martí 2013 - B"]
[Site "Barcelona ESP"]
[Date "2013.07.15"]
[Round "3.69"]
[White "Collell Rodriguez, Victor"]
[Black "Bernat Mor, Juli"]
[Result "1-0"]
[WhiteElo "1650"]
[BlackElo "1249"]
[PlyCount "77"]
[EventDate "2013.07.13"]
[EventType "swiss"]
[EventRounds "9"]
[EventCountry "ESP"]
[SourceTitle "Ajedrez en Madrid"]
[Source "lmi"]
[SourceDate "2013.07.13"]
[SourceVersion "1"]
[SourceVersionDate "2019.06.21"]
[SourceQuality "1"]

1. e4 e5 2. f4 Nc6 3. Nf3 exf4 4. Bc4 h6 5. d4 Nf6 6. Bxf4 Nxe4 7. Qe2 d5 8.
Bxc7 Qxc7 9. Bxd5 Qe7 10. Qxe4 Qxe4+ 11. Bxe4 Be7 12. O-O O-O 13. c3 Rb8 14.
Nbd2 b5 15. Bxc6 Bf5 16. Ne5 Bc8 17. Nd7 Bxd7 18. Bxd7 b4 19. c4 Rb7 20. Bb5
Rd8 21. d5 Bg5 22. Ne4 Be3+ 23. Kh1 Re7 24. Ng3 g6 25. Rae1 f5 26. Rf3 f4 27.
Nf1 Re4 28. Nxe3 fxe3 29. Rfxe3 Rxe3 30. Rxe3 Kg7 31. Re7+ Kf6 32. Rxa7 h5 33.
a4 bxa3 34. bxa3 Kg5 35. Rf7 Rc8 36. d6 Kh6 37. d7 Rc5 38. d8=Q Re5 39. Qh8+
1-0

[Event "15. Obert Int. Sant Martí 2013 - B"]
[Site "Barcelona ESP"]
[Date "2013.07.15"]
[Round "3.71"]
[White "Pascual Duran, Pau"]
[Black "Perez Garcia, Francisco Jose"]
[Result "1-0"]
[WhiteElo "1473"]
[BlackElo "1840"]
[PlyCount "53"]
[EventDate "2013.07.13"]
[EventType "swiss"]
[EventRounds "9"]
[EventCountry "ESP"]
[SourceTitle "Ajedrez en Madrid"]
[Source "lmi"]
[SourceDate "2013.07.13"]
[SourceVersion "1"]
[SourceVersionDate "2019.06.21"]
[SourceQuality "1"]

1. d4 Nf6 2. c4 e6 3. Nf3 b6 4. Bg5 Ba6 5. e3 d5 6. Nbd2 Be7 7. Qa4+ Qd7 8. Qc2
O-O 9. Ne5 Qd6 10. Bd3 h6 11. Bf4 Qd8 12. O-O dxc4 13. Bxc4 Bxc4 14. Qxc4 c5
15. Ndf3 Nh5 16. Rfd1 Nxf4 17. exf4 Qc8 18. d5 exd5 19. Qxd5 Na6 20. Nd7 Nc7
21. Qf5 Nb5 22. Nfe5 Nd6 23. Qh5 Re8 24. Rxd6 Bxd6 25. Qxf7+ Kh7 26. Nf6+ Kh8
27. Ng6# 1-0

[Event "15. Obert Int. Sant Martí 2013 - B"]
[Site "Barcelona ESP"]
[Date "2013.07.15"]
[Round "3.72"]
[White "Freixa Rofastes, Ernest"]
[Black "Escofet Llongueras, Joan"]
[Result "0-1"]
[WhiteElo "1455"]
[BlackElo "1793"]
[PlyCount "82"]
[EventDate "2013.07.13"]
[EventType "swiss"]
[EventRounds "9"]
[EventCountry "ESP"]
[SourceTitle "Ajedrez en Madrid"]
[Source "lmi"]
[SourceDate "2013.07.13"]
[SourceVersion "1"]
[SourceVersionDate "2019.06.21"]
[SourceQuality "1"]

1. e4 e6 2. d4 d5 3. e5 c5 4. c3 Nc6 5. Nf3 Qb6 6. b3 Bd7 7. Bb2 Rc8 8. a4 Na5
9. Nbd2 cxd4 10. cxd4 Bb4 11. Rb1 f5 12. Be2 Ne7 13. O-O O-O 14. Ba1 Rc7 15.
Bd3 Rfc8 16. Qe2 Ng6 17. Bb5 Bxb5 18. axb5 Rc2 19. Rfd1 a6 20. bxa6 Qxa6 21.
Qe3 f4 22. Qe1 Ne7 23. Rdc1 Qd3 24. Rd1 Nf5 25. Rb2 h6 26. Nf1 Qb5 27. N3d2
Rxb2 28. Bxb2 Nxb3 29. Rb1 Qd3 30. Bc1 Nfxd4 31. Qd1 Rxc1 32. Rxc1 Ne2+ 33. Kh1
Nexc1 34. Qg4 Qf5 35. Qd1 Nxd2 36. Nxd2 Qd3 37. Qa4 Bxd2 38. Qe8+ Kh7 39. h3
Qf5 40. h4 Nd3 41. f3 Nxe5 0-1

[Event "15. Obert Int. Sant Martí 2013 - B"]
[Site "Barcelona ESP"]
[Date "2013.07.15"]
[Round "3.73"]
[White "Navarro Pastor, Raul"]
[Black "Rovira Ruiz, Enric"]
[Result "1-0"]
[WhiteElo "1448"]
[BlackElo "1765"]
[PlyCount "41"]
[EventDate "2013.07.13"]
[EventType "swiss"]
[EventRounds "9"]
[EventCountry "ESP"]
[SourceTitle "Ajedrez en Madrid"]
[Source "lmi"]
[SourceDate "2013.07.13"]
[SourceVersion "1"]
[SourceVersionDate "2019.06.21"]
[SourceQuality "1"]

1. e4 e5 2. Nf3 Nc6 3. Bc4 Bc5 4. b4 Bxb4 5. c3 Ba5 6. d4 exd4 7. O-O d3 8. Qb3
Qf6 9. e5 Qg6 10. Ng5 Nh6 11. f4 Bb6+ 12. Kh1 Na5 13. Qa4 Nxc4 14. Qxc4 Qc6 15.
Qxd3 f5 16. exf6 gxf6 17. Re1+ Kf8 18. Nxh7+ Kf7 19. Qe2 Rxh7 20. Qe8+ Kg7 21.
Re7+ 1-0

[Event "15. Obert Int. Sant Martí 2013 - B"]
[Site "Barcelona ESP"]
[Date "2013.07.15"]
[Round "3.74"]
[White "Cuxart Taltavull, Albert"]
[Black "Bernat Pascual, Magi"]
[Result "1/2-1/2"]
[WhiteElo "1741"]
[BlackElo "1511"]
[PlyCount "156"]
[EventDate "2013.07.13"]
[EventType "swiss"]
[EventRounds "9"]
[EventCountry "ESP"]
[SourceTitle "Ajedrez en Madrid"]
[Source "lmi"]
[SourceDate "2013.07.13"]
[SourceVersion "1"]
[SourceVersionDate "2019.06.21"]
[SourceQuality "1"]

1. c4 c6 2. Nc3 d5 3. cxd5 cxd5 4. Nf3 Nf6 5. g3 Nc6 6. Bg2 e6 7. O-O Be7 8. d4
O-O 9. a3 Bd7 10. Bf4 Qb6 11. Na4 Qa6 12. Nc5 Bxc5 13. dxc5 Ne4 14. Ne5 Nxc5
15. b4 Nxe5 16. Bxe5 Na4 17. e3 b5 18. Re1 Rac8 19. Bf1 Qb7 20. Bd3 f6 21. Bd6
Rfe8 22. Qh5 f5 23. Be5 Re7 24. Rac1 Rxc1 25. Rxc1 Be8 26. Qg5 h6 27. Qh4 a6
28. Rc8 Qxc8 29. Qxe7 Qd7 30. Qxd7 Bxd7 31. Bd4 Be8 32. f3 Bh5 33. Kf2 g5 34.
h3 Kf7 35. Bc2 g4 36. hxg4 fxg4 37. fxg4 Bxg4 38. e4 e5 39. Bxe5 dxe4 40. Bxe4
Nb6 41. Bc2 Bc8 42. Bf4 h5 43. Be3 Nc4 44. Bc1 Kf6 45. Bb3 Be6 46. a4 Nd6 47.
Bb2+ Kf7 48. Bd1 Bg4 49. Bc2 Ke7 50. axb5 axb5 51. Bd4 Ke6 52. Bb3+ Nc4 53.
Bxc4+ bxc4 54. b5 Kd5 55. Ke3 c3 56. b6 c2 57. Kd2 Bc8 58. Bf2 Ke4 59. Kxc2 Kf3
60. Be1 Ke2 61. Bb4 Kf3 62. Bd6 Kg4 63. Kd3 h4 64. gxh4 Kxh4 65. Kd4 Kg5 66.
Kd5 Kf6 67. Kc6 Ke6 68. Kc7 Ba6 69. Bh2 Ke7 70. Bd6+ Ke6 71. Bc5 Kd5 72. Bg1
Kc4 73. Kb8 Kb4 74. Ka7 Kb5 75. Bh2 Bc8 76. Bc7 Ba6 77. Bd8 Bc8 78. Kb8 Ba6
1/2-1/2

[Event "15. Obert Int. Sant Martí 2013 - B"]
[Site "Barcelona ESP"]
[Date "2013.07.15"]
[Round "3.75"]
[White "Orts Gonzalez, Rafael"]
[Black "Romero Funieles, Rafael"]
[Result "0-1"]
[WhiteElo "1269"]
[BlackElo "1735"]
[PlyCount "78"]
[EventDate "2013.07.13"]
[EventType "swiss"]
[EventRounds "9"]
[EventCountry "ESP"]
[SourceTitle "Ajedrez en Madrid"]
[Source "lmi"]
[SourceDate "2013.07.13"]
[SourceVersion "1"]
[SourceVersionDate "2019.06.21"]
[SourceQuality "1"]

1. d4 e6 2. e3 Nf6 3. Be2 Be7 4. Nf3 h6 5. Nc3 O-O 6. Qd3 Nc6 7. a3 d5 8. Bd2
a6 9. Bd1 b5 10. O-O Na5 11. a4 b4 12. Ne2 Nc4 13. Ra2 a5 14. b3 Nd6 15. Ne5
Ba6 16. c4 bxc3 17. Qxc3 Nfe4 18. Nc6 Nxc3 19. Nxd8 Nxe2+ 20. Bxe2 Bxe2 21. Re1
Rfxd8 22. Rxe2 Ne4 23. Rc2 c5 24. Bc1 cxd4 25. exd4 Bf6 26. Be3 Rab8 27. f3 Ng5
28. f4 Ne4 29. Rb2 Rb4 30. Kf1 Bxd4 31. Bxd4 Rxd4 32. g3 Rb4 33. Rec2 Rdb8 34.
Rc7 Rxb3 35. Rxb3 Nd2+ 36. Ke2 Nxb3 37. Kd3 Rb4 38. f5 exf5 39. Rd7 Nc5+ 0-1

[Event "15. Obert Int. Sant Martí 2013 - B"]
[Site "Barcelona ESP"]
[Date "2013.07.15"]
[Round "3.76"]
[White "Ayats Llobera, Gerard"]
[Black "Martin Palau, Roger"]
[Result "1-0"]
[WhiteElo "1708"]
[BlackElo "1492"]
[PlyCount "61"]
[EventDate "2013.07.13"]
[EventType "swiss"]
[EventRounds "9"]
[EventCountry "ESP"]
[SourceTitle "Ajedrez en Madrid"]
[Source "lmi"]
[SourceDate "2013.07.13"]
[SourceVersion "1"]
[SourceVersionDate "2019.06.21"]
[SourceQuality "1"]

1. g3 d5 2. Bg2 c6 3. d4 Nd7 4. c4 dxc4 5. Nc3 g6 6. e4 Bh6 7. Bxh6 Nxh6 8. Qd2
Ng8 9. f4 b5 10. e5 Qb6 11. Nge2 Nh6 12. O-O Rb8 13. Kh1 Nf5 14. Ne4 O-O 15. g4
Nh4 16. f5 Nxg2 17. Kxg2 c5 18. d5 Nxe5 19. f6 Nxg4 20. fxe7 Re8 21. Rf4 Rxe7
22. h3 f5 23. hxg4 fxe4 24. Raf1 e3 25. Rf8+ Kg7 26. Qc3+ Kh6 27. Qe1 Bxg4 28.
Qh4+ Bh5 29. Qxe7 Bxe2 30. Qxe3+ Kg7 31. R1f7# 1-0